| 000 | 00611nam a2200205 4500 | ||
|---|---|---|---|
| 003 | OSt | ||
| 005 | 20240722055158.0 | ||
| 006 | a | ||
| 008 | 240722b |||||||| |||| 00| 0 eng d | ||
| 020 | _a9789715848633 | ||
| 040 |
_aDWCL-Main lib. _cOC |
||
| 082 | _aFil. 658.8 D591m 2009 | ||
| 100 | _aDiola, Zenaida S. | ||
| 245 | _aMarketing : a simplified approach : text and cases / | ||
| 260 |
_aQuezon City : _bC & E Pab., Inc., _cc2009 |
||
| 300 |
_axiv, _b196 p. ; chiefly ill. ; _c22 cm. |
||
| 504 | _aincludes bibliographical references. | ||
| 650 | _a1. Marketing. | ||
| 942 |
_2ddc _n0 _cBK - FIL _kFil. |
||
| 999 |
_c2518 _d2518 |
||